Gigahertz and terahertz technologies for broadband communications (Record no. 8125)
[ view plain ]
| 000 -LEADER | |
|---|---|
| fixed length control field | 01252 a2200169 4500 |
| 020 ## - INTERNATIONAL STANDARD BOOK NUMBER | |
| International Standard Book Number | 1580530680 |
| 040 ## - CATALOGING SOURCE | |
| Original cataloging agency | DLC |
| Language of cataloging | DLC |
| 082 ## - DEWEY DECIMAL CLASSIFICATION NUMBER | |
| Classification number | 621.382 |
| 100 ## - MAIN ENTRY--PERSONAL NAME | |
| Personal name | Edwards, T. C. |
| 245 10 - TITLE STATEMENT | |
| Title | Gigahertz and terahertz technologies for broadband communications |
| Statement of responsibility, etc. | Terry Edwards. |
| 260 ## - PUBLICATION, DISTRIBUTION, ETC. | |
| Place of publication, distribution, etc. | Boston : |
| Name of publisher, distributor, etc. | Artech House, |
| Date of publication, distribution, etc. | 2000. |
| 300 ## - PHYSICAL DESCRIPTION | |
| Extent | xiv, 262 p. : |
| Other physical details | ill. ; |
| Dimensions | 24 cm. |
| 440 ## - SERIES STATEMENT/ADDED ENTRY--TITLE | |
| Title | Artech House space technology and applications library. |
| 520 1# - SUMMARY, ETC. | |
| Summary, etc. | "Gigahertz and Terahertz Technologies for Broadband Communications explores and demystifies the radio and light frequency technologies necessary to satisfy the ever-increasing demand for faster, higher capacity broadband communications today and into the 21st century." "This highly understandable book delivers a concise, critical appraisal of current and developing broadband systems, including terrestrial, satellite, and subspace systems. It examines competing technologies and how they interact, probes critical topics such as digital signaling, and takes a close look at the key players vying to provide high-speed internet access, digital TV, and other new telecommunications services in the coming years."--BK JACKET. |
| 650 #0 - SUBJECT ADDED ENTRY--TOPICAL TERM | |
| Topical term or geographic name entry element | Broadband communication systems. |
| 942 ## - ADDED ENTRY ELEMENTS (KOHA) | |
| Koha item type | Book |
| Call number prefix | 621.382 EDW |
| Source of classification or shelving scheme | |
| Withdrawn status | Lost status | Damaged status | Not for loan | Collection code | Permanent Location | Current Location | Shelving location | Date acquired | Source of acquisition | Cost, normal purchase price | Total Checkouts | Full call number | Barcode | Date last seen | Price effective from | Koha item type |
|---|---|---|---|---|---|---|---|---|---|---|---|---|---|---|---|---|
| Central Library (CL) | Central Library (CL) | General Stacks | 09/21/2005 | New Public Book | 2797.84 | 621.382 EDW | SEECS006445 | 11/14/2012 | 01/05/2017 | Book |
